000
00461nam a2200145Ia 4500
008
090122s9999 xx 000 0 und d
082
_b
3888
_a
891.463
100
_a
लागू
_b
चितंामणी
245
_a
कशासाठी पोटासाठी
600
_a
लागू
630
_a
कशासाठी पोटासाठी
700
_a
लागू
730
_a
कशासाठी पोटासाठी
942
_c
BOOK
999
_c
27966
_d
27966